000 00383nam a2200145Ia 4500
008 210210b1996 xxu||||| |||| 00| 0 eng d
020 _a0 14 015755 7
082 _a823.914 MARS
100 _aMARQUEZ (Gabriel Garcia).
245 _aStory of a shipwrecked sailor.
260 _aNew Delhi.
_bPenguin Books
_c1996
300 _aix,106
690 _aEnglish Fiction
906 _a054812
999 _c102432
_d102432